Nonlinear dynamics and statistical theories for basic geophysical flows / (Record no. 28920)
[ view plain ]
| 000 -LEADER | |
|---|---|
| fixed length control field | 00624 a2200169 4500 |
| 020 ## - INTERNATIONAL STANDARD BOOK NUMBER | |
| International Standard Book Number | 0521834414 |
| 020 ## - INTERNATIONAL STANDARD BOOK NUMBER | |
| International Standard Book Number | 9780521834414 |
| 082 04 - DEWEY DECIMAL CLASSIFICATION NUMBER | |
| Classification number | 551.01532051 |
| 090 ## - LOCALLY ASSIGNED LC-TYPE CALL NUMBER (OCLC); LOCAL CALL NUMBER (RLIN) | |
| -- | 285 |
| -- | 285 |
| 100 1# - MAIN ENTRY--PERSONAL NAME | |
| Personal name | Majda, Andrew. |
| 245 10 - TITLE STATEMENT | |
| Title | Nonlinear dynamics and statistical theories for basic geophysical flows / |
| Statement of responsibility, etc. | Andrew Majda, Xiaoming Wang. |
| 260 ## - PUBLICATION, DISTRIBUTION, ETC. | |
| Place of publication, distribution, etc. | [S.l.] : |
| Name of publisher, distributor, etc. | Cambridge University Press, |
| Date of publication, distribution, etc. | 2006. |
| 300 ## - PHYSICAL DESCRIPTION | |
| Extent | 564 p. ; |
| Dimensions | 25 cm. |
| 700 1# - ADDED ENTRY--PERSONAL NAME | |
| Personal name | Wang, Xiaoming. |
| 942 ## - ADDED ENTRY ELEMENTS (KOHA) | |
| Institution code [OBSOLETE] | SNS |
| Koha item type | Book |
| Call number prefix | 551.01532051 MAJ |
| Withdrawn status | Lost status | Damaged status | Not for loan | Permanent Location | Current Location | Date acquired | Total Checkouts | Full call number | Barcode | Date last seen | Price effective from | Koha item type |
|---|---|---|---|---|---|---|---|---|---|---|---|---|
| School of Natural Sciences (SNS) | School of Natural Sciences (SNS) | 05/26/2016 | 551.01532051 MAJ | SNS0000193 | 05/26/2016 | 05/26/2016 | Book |
